Statistiques concernant Les verbes de la langue française commençant par "par"

Cliquez ici pour prendre le quiz!

Statistiques générales

  • Ce quiz a été pris 221 fois
  • Le résultat moyen est 13 sur 27

Statistiques - réponses

IndiceVerbe% Correct
s'en allerpartir
95%
s'exprimerparler
90%
semblerparaitre
83%
miserparier
80%
arriver,atteindreparvenir
79%
aromatiserparfumer
68%
diviserpartager
65%
absoudrepardonner
61%
tétaniserparalyser
60%
signerparafer
59%
améliorerparfaire
56%
terminer,acheverparachever
54%
se pavanerparader
50%
éviter,ornerparer
47%
renierparjurer
46%
accomplirparcourir
45%
imiterparodier
41%
négocierparlementer
38%
aider,assisterparticiper
30%
larguerparachuter
27%
morcelerparceller
25%
rangerparquer
23%
étendre,amplifierparaphraser
21%
réglerparametrer
19%
flanerparesser
17%
troublerparasiter
9%
séparerpartitionner
9%

Distribution des résultats

Percentile par nombre de réponses

% des personnes avec chaque résultat

Votre développement - résultats

Vous n’avez pas pris ce quiz